Ingeniería e investigación

Bibliographic Details
Corporate Author: Universidad Nacional de Colombia. Facultad de Ingeniería
Format: Electronic Journal
Language:Spanish
Published: [Bogotá, Colombia] : [Universidad Nacional de Colombia, Facultad de Ingeniería]
Subjects:
Online Access:Full text available from Research Library: 09/01/2007 to present

MARC

LEADER 00000nas a2200000 a 4500
001 ssj0059305
003 WaSeSS
005 20200512172242.0
006 m d
007 cr n
008 081126c19819999ck tr pss 0 0spa c
010 |a  2008262499 
022 |y 0120-5609 
035 |a (WaSeSS)ssj0059305 
037 |b Facultad de Ingeniería, Universidad Nacional de Colombia, Carrera 50 No. 27-70, Unidad Camilo Torres, Bloque B5, Oficina 401, Bogotá, Colombia 
040 |a CGU  |b eng  |c CGU  |d CGU  |d TXA  |d OCLCQ  |d OCLCE  |d OCLCQ  |d OCLCF  |d OCLCQ  |d WaSeSS 
042 |a pcc 
050 1 4 |a TA4  |b .I57 
245 0 0 |a Ingeniería e investigación  |h [electronic resource]. 
246 1 3 |a Revista ingeniería e investigación 
260 |a [Bogotá, Colombia] :  |b [Universidad Nacional de Colombia, Facultad de Ingeniería] 
310 |a Three times a year,  |b 1997- 
321 |a Irregular,  |b 1981-1996 
362 1 |a Print began with 1, published in 1981? 
506 |a License restrictions may limit access. 
588 |a Description based on: No. 55 (sept. 2004); title from print record (Revistaingenieria, viewed on July 14, 2009). 
588 |a Latest issue consulted: Vol. 29, no. 1 (abr. 2009) (viewed July 14, 2009). 
650 0 |a Engineering  |v Periodicals. 
650 7 |a Engineering.  |2 fast  |0 (OCoLC)fst00910312 
655 0 |a Electronic journals. 
710 2 |a Universidad Nacional de Colombia.  |b Facultad de Ingeniería. 
776 0 8 |i Print version:  |t Ingeniería e investigación  |x 0120-5609  |w (DLC)sn 92030169  |w (OCoLC)25736795 
856 4 0 |z Full text available from Research Library: 09/01/2007 to present  |u https://search.proquest.com/publication/2035727